Oil / (Record no. 3337)

MARC details
000 -LEADER
fixed length control field 01338cam a22003737a 4500
001 - CONTROL NUMBER
control field 3337
003 - CONTROL NUMBER IDENTIFIER
control field FISKH
005 - DATE AND TIME OF LATEST TRANSACTION
control field 20250123095311.0
008 - FIXED-LENGTH DATA ELEMENTS--GENERAL INFORMATION
fixed length control field 070801s2007 enka j 001 0 eng d
010 ## - LIBRARY OF CONGRESS CONTROL NUMBER
LC control number 2007298459
020 ## - INTERNATIONAL STANDARD BOOK NUMBER
International Standard Book Number 9780756629694 (lib. bdg.)
020 ## - INTERNATIONAL STANDARD BOOK NUMBER
International Standard Book Number 0756629691 (lib. bdg.)
020 ## - INTERNATIONAL STANDARD BOOK NUMBER
International Standard Book Number 9780756633516
035 ## - SYSTEM CONTROL NUMBER
System control number (OCoLC)ocn144650995
035 ## - SYSTEM CONTROL NUMBER
System control number (OCoLC)144650995
040 ## - CATALOGING SOURCE
Original cataloging agency BKX
Transcribing agency BKX
Modifying agency BAKER
-- BTCTA
-- BUR
-- EHH
-- DLC
Language of cataloging eng
042 ## - AUTHENTICATION CODE
Authentication code lccopycat
050 00 - LIBRARY OF CONGRESS CALL NUMBER
Classification number TN870.3
Item number .F37 2007
082 04 - DEWEY DECIMAL CLASSIFICATION NUMBER
Classification number 553.2/82
Edition number 22
100 1# - MAIN ENTRY--PERSONAL NAME
Personal name Farndon, John.
245 10 - TITLE STATEMENT
Title Oil /
Statement of responsibility, etc. written by John Farndon.
246 3# - VARYING FORM OF TITLE
Title proper/short title Eyewitness oil
260 ## - PUBLICATION, DISTRIBUTION, ETC.
Place of publication, distribution, etc. New York :
Date of publication, distribution, etc. Dorling Kindersley,
Name of publisher, distributor, etc. 2007.
300 ## - PHYSICAL DESCRIPTION
Extent 72 pages :
Other physical details map ; color illustrations ;
Dimensions 28 cm
Accompanying material 1 CD-ROM (4 3/4 in.) + 1 wall chart.
490 1# - SERIES STATEMENT
Series statement Eyewitness books
500 ## - GENERAL NOTE
General note Includes index.
520 ## - SUMMARY, ETC.
Summary, etc. Provides information about oil and other petroleum products, explaining what they are and how they are used; discussing oil exploration, drilling, and refining; and looking at the problem of pollution and alternatives to oil as a fuel source.
650 #0 - SUBJECT ADDED ENTRY--TOPICAL TERM
Topical term or geographic name entry element Petroleum
Form subdivision Juvenile literature.
650 #1 - SUBJECT ADDED ENTRY--TOPICAL TERM
Topical term or geographic name entry element Petroleum.
830 #0 - SERIES ADDED ENTRY--UNIFORM TITLE
Uniform title DK eyewitness books.
906 ## - LOCAL DATA ELEMENT F, LDF (RLIN)
a 7
b cbc
c copycat
d 2
e ncip
f 20
g y-gencatlg
942 ## - ADDED ENTRY ELEMENTS (KOHA)
Source of classification or shelving scheme Dewey Decimal Classification
Koha item type Books
Suppress in OPAC No
Holdings
Withdrawn status Lost status Source of classification or shelving scheme Damaged status Not for loan Collection Home library Current library Shelving location Date acquired Total Checkouts Full call number Barcode Date last seen Copy number Price effective from Koha item type
    Dewey Decimal Classification     Non-Fiction Footprints International School Library Network Toul Kork Campus Footprints International School Library Network Toul Kork Campus   02/28/2024   FAR 553.2 TN870.F37 FISSE00654 02/28/2024 1 02/28/2024 Books
    Dewey Decimal Classification     Non-Fiction Footprints International School Library Network Toul Kork Campus Footprints International School Library Network Toul Kork Campus TTP Secondary Non-Fiction Bookshelves 02/28/2024   FAR 553.2 TN870.F37 FIS04658 01/23/2025 2 02/28/2024 Books